[Event "Herlies op 10th"]
[Site "Herlies"]
[Date "2005.04.12"]
[Round "6"]
[White "Renard, Stephane"]
[Black "Di Marco, Christophe"]
[Result "1-0"]
[WhiteElo "1986"]
[BlackElo "1840"]
[PlyCount "143"]
[EventDate "2005.04.09"]
[EventType "swiss"]
[EventRounds "7"]
[EventCountry "FRA"]
[SourceTitle "EXT 2020"]
[Source "ChessBase"]
[SourceDate "2019.10.17"]
[SourceVersion "1"]
[SourceVersionDate "2019.10.17"]
[SourceQuality "1"]

1. f4 e6 2. Nf3 d5 3. e3 c5 4. b3 Nf6 5. Bb2 Be7 6. Ne5 a6 7. a4 Nc6 8. Nxc6 bxc6 9. d3 Bb7 10. Be2 0-0 11. 0-0 Nd7 12. e4 d4 13. Nd2 g6 14. g4 e5 15. f5 Bg5 16. Nf3 Bf4 17. Bc1 g5 18. a5 f6 19. Bd2 Qe7 20. Qb1 Qf7 21. Kg2 Kg7 22. c3 Rh8 23. Qb2 h5 24. h3 Rab8 25. Bd1 Rh7 26. Rh1 Rbh8 27. Be2 Rb8 28. b4 dxc3 29. Qxc3 Qe7 30. Rab1 hxg4 31. hxg4 Rxh1 32. Kxh1 Ba8 33. Be1 cxb4 34. Qc4 Rh8+ 35. Kg2 c5 36. Qxa6 Rb8 37. Qc4 Qd6 38. Bd1 Rf8 39. Bb3 Bb7 40. Qc2 Ba6 41. Bc4 Nb8 42. Bxa6 Nxa6 43. Bf2 Rd8 44. Rb3 Qc7 45. Qa2 Ra8 46. Rb1 Rd8 47. Ne1 Kf8 48. Qc4 Qd6 49. Rb3 Bd2 50. Kf3 Bc3 51. Ke2 Ke7 52. Nc2 Bd4 53. Ne3 Nc7 54. Rb1 Ra8 55. Rh1 Rxa5 56. Rh7+ Kd8 57. Qf7 Ne8 58. Nd5 Ra2+ 59. Kf3 Rxf2+ 60. Kg3 Rd2 61. Rh8 Rxd3+ 62. Kg2 Rd2+ 63. Kf3 Rd3+ 64. Ke2 Re3+ 65. Kd2 Rd3+ 66. Ke2 Re3+ 67. Nxe3 Qa6+ 68. Kf3 Qb5 69. Qxf6+ Kd7 70. Qe6+ Kd8 71. Nc4 Qd7 72. Qb6+ 1-0

[Event "Bethune op 21st"]
[Site "Bethune"]
[Date "2000.??.??"]
[Round "4"]
[White "Di Marco, Christophe"]
[Black "Maupin, Jean Paul"]
[Result "1/2-1/2"]
[WhiteElo "1840"]
[BlackElo "2105"]
[PlyCount "59"]
[EventDate "2000.12.26"]
[EventType "swiss"]
[EventRounds "7"]
[EventCountry "FRA"]
[SourceTitle "EXT 2003"]
[Source "ChessBase"]
[SourceDate "2002.11.25"]
[SourceVersion "1"]
[SourceVersionDate "2002.11.25"]
[SourceQuality "1"]

1. d4 Nf6 2. Bg5 d5 3. Bxf6 gxf6 4. e3 c5 5. c3 e5 6. Nd2 Qb6 7. Qb3 Be6 8. Qxb6 axb6 9. Bd3 Nc6 10. Ne2 h5 11. a3 Rg8 12. Rg1 Bh6 13. Rd1 Bg4 14. f3 Bxe3 15. fxg4 Bxg1 16. Nxg1 hxg4 17. dxc5 bxc5 18. c4 e4 19. cxd5 exd3 20. dxc6 0-0-0 21. cxb7+ Kxb7 22. Nc4 f5 23. Kd2 Rd4 24. b3 Rgd8 25. Kc3 f6 26. Ne3 Rh8 27. Nxf5 Rf4 28. Ne3 Rxh2 29. Rxd3 Re4 30. Kd2 1/2-1/2